LEADER 01551nam a2200301 a 4500 001 000000135622 003 CaOOAMICUS 005 20131007144125.0 008 131007s2013 be u000 u eng r 020 $a978-90-429-2904-3 040 $aPUL$bita 100 1 $aDe Andrado, Paba Nidhani.$0(OLS)http://pul/name/87328 245 14$aThe Akedah servant complex :$bthe soteriological linkage of Genesis 22 and Isaiah 53 in ancient Jewish and early christian writings /$cPaba Nidhani De Andrado. 260 $aLeuven, Paris, Walpole (MA) :$bPeeters,$c2013. 300 $aXII, 294 p. ;$c23 cm. 490 1 $aContributions to biblical exegesis and theology ;$v69 504 $aBibliografia p. [259]-276. 630 04$aBiblia.$pV.T.$pIsaias.$0(OLS)http://pul/subject/17254 630 04$aBiblia.$pV.T.$pGenesis$xCritica e interpretazione.$0(OLS)http://pul/subject/2021 830 0$aContributions to biblical exegesis and theology ;$v69.$0(OLS)http://pul/title/27171 850 $aPUL 852 $aPUL$W1$xSL Religione 1$y3$m10(4) L 69$j156415$qStampati$B155761$CPULBib$Z2$F155761 $H122938 $82 941 1 $a8 983 0$aContributions to biblical exegesis & theology. 996 $6020$a978-90-429-2904-3$9(OLS)http://pul/number/153629 996 $6245$aThe Akedah servant complex :$bthe soteriological linkage of Genesis 22 and Isaiah 53 in ancient Jewish and early christian writings$9(OLS)http://pul/title/171476 996 $6260$aLeuven, Paris, Walpole (MA) :$bPeeters$9(OLS)http://pul/publisher/80881 LEADER 01421nam a2200301 u 4500 001 000000055125 003 CaOOAMICUS 005 20070226115741.0 008 010116s1971 it u000 u ita u 035 $a10865596 040 $aPUL(R)$bita 041 0 $aita$alat 245 00$aDei verbum :$bgenesi della costituzione della Divina Rivelazione : schemi annotati in sinossi /$ca cura di Luciano Pacomio. 260 $aCasale Monferrato :$bMarietti,$c1971. 300 $a174 p. ;$c19 cm 500 $aContiene indici. 504 $aBibliografia in nota. 611 24$aConcilium Vaticanum$n(2 :$d1962-1965)$tDei Verbum.$0(OLS)http://pul/subject/34558 650 4$aRivelazione.$0(OLS)http://pul/subject/3064 700 1 $aPacomio, Luciano,$cVescovo di Mondovì,$d1941 -$0(OLS)http://pul/name/5936 850 $aPUL 852 $aPUL$W1$xDP1 Fondo Giannini$y60$m1559 G 13$j72539$nBK-PRI$b $qFondi$B72539$CPULBib$Z2$F72539 $H $81 941 1 $a1 960 $aConcilium Vaticanum$n(2 :$d1962-1965)$tConstitutio dogmatica de divina revelatione$934558 960 $aConcilium Vaticanum$n(2 :$d1962-1965)$tConstitutio Dei Verbum$934558 961 $aINV: F; Giannini 996 $6245$aDei verbum :$bgenesi della costituzione della Divina Rivelazione : schemi annotati in sinossi$9(OLS)http://pul/title/73855 996 $6260$aCasale Monferrato :$bMarietti$9(OLS)http://pul/publisher/49070